QCM Empire Romain. - Statistiques

Statistiques générales
  • Ce quiz a été pris 1 890 fois
    1 668 depuis la dernière actualisation
  • Le résultat moyen est 13 sur 20
Statistiques - réponses
Question Réponse % Correct
Quelle est la plus grande institution de la république romaine? Sénat
88%
Selon la légende, qui l'a fondée? Romulus
87%
Quelle est la date de la fondation de Rome? 753 av. J.-C.
85%
Suite à quelle bataille? Alésia
84%
Durant la République, quelle était la plus haute magistrature? Consul
82%
Qui est le premier empereur? Octave-Auguste
82%
Quel est le premier empereur à se convertir au christianisme? Constantin
81%
Quand tombe l'Empire romain d'Occident? En 476
80%
Contre quelle ville Rome s'opposa durant les guerres puniques? Carthage
78%
Quand tombe l'Empire romain d'Orient En 1453
71%
Que c'est-il passé en 395? L'Empire est coupé en deux
68%
Quand fut assassiné César? 44 av. J.-C.
65%
En quelle année la Gaule fut-elle définitivement conquise par les Romains? 52 av. J-C
64%
Combien y a-t-il eu de guerres puniques? 3
60%
Le second? Marc-Antoine;Lépide;Octave
57%
De quels hommes était constitué le premier triumvirat? César;Crassus;Pompée
55%
A quelle date commence l'Empire ? 27 av. J.-C.
53%
Qui fut le dernier roi de Rome? Tarquin le Superbe
53%
Qu’arriva-t-il à Rome en 387 av. J.-C.? Elle fut mis à sac par Brennos
30%
En quelle année le christianisme devient-il la religion d'état? 380
19%
Aucun quiz correspondant
Distribution des résultats
% des personnes avec chaque résultat
Percentile par nombre de réponses
Votre historique - résultats
Vous n’avez pas pris ce quiz depuis la dernière actualisation